00922nam a22002412 450000100060000000300080000600500170001400800410003103500190007204000370009104100080012808200200013610000370015624501960019326000380038930000290042750001110045650400320056750400200059965000190061965000150063865000270065334981BD-RjUL20211209052236.0140520s1957 nyua b 001 0 eng d a(BD-RjUL)35075 aHAMcHAMdOCLdEQOdBD-RjULbeng aeng a649.1bSEP 19571 aSears, Robert Richardson,d1908-10aPatterns of child rearing /cby Robert R. Sears, Eleanor E. Maccoby [and] Harry Levin, in collaboration with Edgar L. Lowell, Pauline S. Sears, and John W. M. Whiting. Illus. by Jean Berwick. aNew York :bHarper & Row,cc1957. a549 p. :bill. ;c24 cm. a"A report ... from the Laboratory of Human Development, Graduate School of Education, Harvard University." aBibliography: p. [537]-540. aIncludes index. 0aChild rearing. 2aChild Care 2aParent-Child Relations